000 00547nam a2200193Ia 4500
005 20250508162933.0
008 008 250505s9999 xx 000 0 eng d
037 _aTextual
040 _aFEDL
_beng
_cFEDL
041 _aeng
_2eng
084 _a909, PER
_qFEDL
100 _aPerry Marvin and others
_9774450
245 0 _aWestern civilization : Ideas, politics and society
250 _a3
260 _aBoston, USA
_bHoughton Mifflin Company
_c1989
300 _a862p.
942 _cTEXL
_h909, PER
999 _c1379535
_d1379535